Southville International School and Colleges
Your cart is empty.
  • Cart
  • Lists
    Public lists Eva Luna New books Lux_list list_1
    Your lists Log in to create your own lists
  • Log in to your account
  • Your cookies
  • Search history
Southville International School and Colleges
  • Advanced search
  • Recent comments
  • Most popular
  • Libraries

Log in to your account

Log in with GOOGLE


If you do not have an external account, but do have a local account, you can still log in:

  1. Home
  2. MARC view: Pangilinan calls for direct subsidy to farmers/
Normal view MARC view ISBD view

Pangilinan calls for direct subsidy to farmers/ (Record no. 361639)

[ view plain ]
MARC details
000 -LEADER
fixed length control field 00444nam a2200169Ia 4500
008 - FIXED-LENGTH DATA ELEMENTS--GENERAL INFORMATION
fixed length control field 190425s9999 xx 000 0 und d
100 ## - MAIN ENTRY--PERSONAL NAME
Personal name Caniles-Magkilat, Bernie
245 ## - TITLE STATEMENT
Title Pangilinan calls for direct subsidy to farmers/
245 ## - TITLE STATEMENT
Statement of responsibility, etc Bernie Caniles-Magkilat
260 ## - PUBLICATION, DISTRIBUTION, ETC. (IMPRINT)
Name of publisher, distributor, etc Manila Bulletin
260 ## - PUBLICATION, DISTRIBUTION, ETC. (IMPRINT)
Date of publication, distribution, etc 2016
300 ## - PHYSICAL DESCRIPTION
Extent February 19
440 ## - SERIES STATEMENT/ADDED ENTRY--TITLE
Title Manila Bulletin
650 ## - SUBJECT ADDED ENTRY--TOPICAL TERM
Topical term or geographic name as entry element agriculture
650 ## - SUBJECT ADDED ENTRY--TOPICAL TERM
Topical term or geographic name as entry element farmers
650 ## - SUBJECT ADDED ENTRY--TOPICAL TERM
Topical term or geographic name as entry element subsidy
Holdings
Withdrawn status Lost status Damaged status Home library Current library Date acquired Total Checkouts Date last seen Price effective from Koha item type
          04/25/2019   04/25/2019 04/25/2019 Periodicals

Pangilinan calls for direct subsidy to farmers/

APA

Caniles-Magkilat B., .Pangilinan calls for direct subsidy to farmers. : Manila Bulletin.

Chicago

Caniles-Magkilat Bernie, .Pangilinan calls for direct subsidy to farmers. : Manila Bulletin.

Harvard

Caniles-Magkilat B., .Pangilinan calls for direct subsidy to farmers. : Manila Bulletin.

MLA

Caniles-Magkilat Bernie, .: Manila Bulletin. .

  • Place hold
  • Print
  • Cite
  • Add to your cart (remove)
  • Save record
    BIBTEX Dublin Core MARCXML MARC (non-Unicode/MARC-8) MARC (Unicode/UTF-8) MARC (Unicode/UTF-8, Standard) MODS (XML) RIS
  • More searches
    Search for this title in:
    Other Libraries (WorldCat) Other Databases (Google Scholar) Online Stores (Bookfinder.com) Open Library (openlibrary.org)

Exporting to Dublin Core...

SOUTHVILLE LIBRARY

Southville International School and Colleges Library

1281 Tropical Ave. Cor. Luxembourg St., BF Homes International, Las Pinas City

Tel. No. 8256374 / 252358 Loc. 117/146

Powered by Koha